Statistics for Math constants.

Click here to take the quiz!

General Stats

  • This quiz has been taken 4 times
  • The average score is 2 of 16

Answer Stats

NameSymbolValue% Correct
Pi3.14159
100%
Phi, Golden ratioϕ1.61803
25%
Euler's Numbere2.71828
25%
Kepler-Bouwkamp constantK'0.11494
0%
Bernstein's Constantβ0.28016
0%
Omega ConstantΩ0.56714
0%
Euler's Constantɣ0.57721
0%
Golomb-Dickman Constantλ0.62432
0%
Magic angleθm0.95531
0%
Apery's Constantζ(3)1.20205
0%
Pythagora's Constant√21.41421
0%
Backhouse ConstantB1.45607
0%
Supergolden Ratioψ1.46557
0%
Silver Ratioδs2.41421
0%
Tau𝜏6.28318
0%
Imaginary Unitisqrt(-1)
0%

Score Distribution

Percentile by Number Answered

Percent of People with Each Score

Your Score History

You have not taken this quiz